| 000 | 00673nam a2200181 a 4500 | ||
|---|---|---|---|
| 008 | 150817s1996 ||||||||||||||||| || u | ||
| 020 | _a9780721659442 | ||
| 050 | _aQP 34.5 Guy | ||
| 100 | _aGuyton, Arthur C | ||
| 245 | 1 | 0 |
_aTextbook of medical physiology.(9th ed.) _cby Arthur C. Guyton and Joahn E. Hall |
| 250 | _a9th ed. | ||
| 260 |
_aPhiladelphia _bW.B Saunders Company _c1996 |
||
| 300 | _axliii,1148p. :ill. | ||
| 350 | _a64.95 | ||
| 650 | _aPHYSIOLOGY | ||
| 650 | 0 | _aPATHOLOGY | |
| 995 |
_aMEDICAL LIBRARY OPEN ACCESS _e903031 _FCBU-SCHOOL OF MEDICINE LIBRARY (Ndola) _I64.95 _jQP 34.5 Guy _M1 _UAVAILABLE _WSep 7, 2015 _y903031 _ZMedical Library Open Access Collection |
||
| 999 |
_c32887 _d32887 |
||